Tyre uniformity (Record no. 71686)

MARC details
000 -LEADER
fixed length control field 00256nam a2200109Ia 4500
100 ## - MAIN ENTRY--AUTHOR NAME
Personal name Majumdar Samir
245 #0 - TITLE STATEMENT
Title Tyre uniformity
260 ## - PUBLICATION, DISTRIBUTION, ETC. (IMPRINT)
Name of publisher Wheels of India
Year of publication 1993
300 ## - PHYSICAL DESCRIPTION
Number of Pages 23-28,59-61
942 ## - ADDED ENTRY ELEMENTS (KOHA)
Koha item type Journals
Holdings
Withdrawn status Lost status Damaged status Not for loan Home library Current library Shelving location Date acquired Serial Enumeration / chronology Koha item type
      Journals RRII Library RRII Library Rubber chemistry 17/12/2021 Volume 11, Issue 23 Journals